[Event "Team junior-boys chess final"]
[Site "?"]
[Date "2015.05.04"]
[Round "4.2"]
[White "Levenshtein, Mark"]
[Black "Shemyakin, Valeriy"]
[Result "1/2-1/2"]
[WhiteElo "2111"]
[BlackElo "2080"]
[PlyCount "91"]
[EventDate "2015.05.01"]

1. Nf3 Nf6 2. g3 b6 3. Bg2 Bb7 4. O-O e6 5. d3 Be7 6. c4 c5 7. Nc3 O-O 8. e4 d6
9. a3 Nc6 10. Rb1 Nd7 11. b4 Bf6 12. Qc2 Nde5 13. Nxe5 Bxe5 14. Ne2 Nd4 15.
Nxd4 Bxd4 16. Bb2 e5 17. Bxd4 exd4 18. b5 f5 19. f3 f4 20. Qd2 Qg5 21. Bh3 Rf6
22. Kg2 Raf8 23. a4 Rh6 24. Rh1 Qe5 25. Bf5 Rhf6 26. Rbf1 g6 27. Bh3 h5 28. Qc1
g5 29. g4 Bc8 30. gxh5 Bxh3+ 31. Kxh3 Qe6+ 32. Kg2 g4 33. Rhg1 Kf7 34. fxg4
Qxg4+ 35. Kh1 Qh4 36. Qd1 Rh8 37. Qg4 Qxh5 38. Qd7+ Kf8 39. Rf2 Rh7 40. Qd8+
Kf7 41. Rfg2 Ke6 42. e5 dxe5 43. Qd5+ Ke7 44. Qb7+ Ke6 45. Qc6+ Ke7 46. Qb7+
1/2-1/2

[Event "Team junior-boys chess final"]
[Site "?"]
[Date "2015.05.04"]
[Round "4.2"]
[White "Neznanov, Aleksandr"]
[Black "German, Nikita"]
[Result "1/2-1/2"]
[WhiteElo "1958"]
[BlackElo "2013"]
[PlyCount "81"]
[EventDate "2015.05.01"]

1. d4 f5 2. c4 Nf6 3. Nc3 d6 4. Nf3 g6 5. g3 Bg7 6. Bg2 O-O 7. O-O h6 8. b3 Qe8
9. Bb2 g5 10. d5 Nbd7 11. Nd2 Ne5 12. Nb5 Qd8 13. Qc2 a6 14. Nd4 Nh5 15. c5 g4
16. Rac1 f4 17. cxd6 cxd6 18. Ne6 Bxe6 19. dxe6 Qb6 20. Bxe5 dxe5 21. Qc5 Qxc5
22. Rxc5 Rad8 23. Nc4 b5 24. Nxe5 Rf5 25. Nd7 Rxc5 26. Nxc5 fxg3 27. hxg3 Nxg3
28. fxg3 Bd4+ 29. Kh2 Bxc5 30. Rf4 Rd2 31. Rxg4+ Kh8 32. a4 Rxe2 33. Re4 Rxe4
34. Bxe4 bxa4 35. bxa4 a5 36. Bc6 Kg7 37. Kg2 Kf6 38. Bd7 Bb4 39. Kf3 Ba3 40.
g4 Bc1 41. Ke4 1/2-1/2

[Event "Team junior-boys chess final"]
[Site "?"]
[Date "2015.05.04"]
[Round "4.2"]
[White "Tsoi, Dmitry"]
[Black "Poznyak, Nazar"]
[Result "0-1"]
[WhiteElo "2018"]
[BlackElo "1932"]
[PlyCount "92"]
[EventDate "2015.05.01"]

1. e4 c5 2. Nf3 e6 3. d4 cxd4 4. Nxd4 a6 5. Nc3 d6 6. Be3 Nf6 7. Be2 Qc7 8. a4
b6 9. f4 Bb7 10. Bf3 Nbd7 11. Qe2 Be7 12. g4 Nc5 13. Qg2 g5 14. f5 e5 15. Nde2
h6 16. b3 O-O-O 17. Rd1 Kb8 18. O-O Rdg8 19. h3 h5 20. b4 hxg4 21. hxg4 Ncd7
22. Rd3 Rh6 23. Ra1 Rgh8 24. a5 Rh2 25. Qxh2 Rxh2 26. Kxh2 bxa5 27. Rxa5 d5 28.
Nxd5 Nxd5 29. Raxd5 Bxd5 30. Rxd5 Bxb4 31. Bxg5 f6 32. Be3 Nb6 33. Rd3 Nc4 34.
Bf2 a5 35. Kg3 Nb2 36. Rb3 Qxc2 37. Re3 Bc5 38. g5 Nd1 39. Rb3+ Qxb3 40. Bxc5
Qg8 41. g6 a4 42. Nd4 exd4 43. Bxd1 Qc4 44. e5 Qxc5 45. g7 Qxe5+ 46. Kg4 Qe8
0-1

[Event "Team junior-boys chess final"]
[Site "?"]
[Date "2015.05.04"]
[Round "4.2"]
[White "Danilchenko, Dmitrij"]
[Black "Yeritsyan, Aram"]
[Result "0-1"]
[WhiteElo "1960"]
[BlackElo "1829"]
[PlyCount "62"]
[EventDate "2015.05.01"]

1. d4 d5 2. c4 e6 3. g3 Nf6 4. Nf3 dxc4 5. Bg2 Nc6 6. O-O Rb8 7. a4 a6 8. Na3
Bxa3 9. Rxa3 b5 10. axb5 axb5 11. Rc3 Nd5 12. Rc2 Bb7 13. e4 Ndb4 14. Re2 O-O
15. Be3 Nd3 16. b3 Na5 17. bxc4 bxc4 18. Bd2 Nb3 19. Bc3 c5 20. dxc5 Nbxc5 21.
Nd2 Ba6 22. Qa1 f6 23. f4 Qc8 24. e5 f5 25. Bd4 Nb3 26. Nxb3 cxb3 27. Rd2 b2
28. Qb1 Rd8 29. Be3 Nc1 30. Rfd1 Bd3 31. Rxd3 Rxd3 0-1

[Event "Team junior-boys chess final"]
[Site "?"]
[Date "2015.05.04"]
[Round "4.3"]
[White "Yarygin, Maksim"]
[Black "Sinyaev, Nil"]
[Result "0-1"]
[WhiteElo "1860"]
[BlackElo "1653"]
[PlyCount "129"]
[EventDate "2015.05.01"]

1. e4 e5 2. f4 d5 3. exd5 e4 4. d3 Nf6 5. dxe4 Nxe4 6. Nf3 Bc5 7. Qe2 Bf2+ 8.
Kd1 Qxd5+ 9. Nfd2 f5 10. Nc3 Qd7 11. Ncxe4 fxe4 12. Qxf2 O-O 13. c3 Re8 14. Qe3
Qg4+ 15. Kc2 Nc6 16. h3 Qh5 17. Be2 Qg6 18. g4 Ne7 19. Bc4+ Kh8 20. Qxe4 Nf5
21. Qd3 Re3 22. Qd8+ Re8 23. Qd3 Re3 24. Nf3 Rxd3 25. Bxd3 Qc6 26. gxf5 Qxf3
27. Re1 Bxf5 28. Bxf5 Rd8 29. Bd2 Qd5 30. Re5 Qxd2+ 31. Kb3 g6 32. Bg4 Qxf4 33.
Rae1 Qf2 34. R1e2 Qb6+ 35. Kc2 Qd6 36. R2e4 Qd3+ 37. Kb3 b6 38. a4 c5 39. h4 b5
40. Re8+ Rxe8 41. Rxe8+ Kg7 42. Be2 bxa4+ 43. Kxa4 Qd7+ 44. Bb5 Qg4+ 45. Ka5
Qxh4 46. Ka6 Qh1 47. Kxa7 Qa1+ 48. Kb6 Qxb2 49. c4 Qd4 50. Rc8 h5 51. Rxc5 h4
52. Kc6 h3 53. Rd5 Qe4 54. Kc5 h2 55. Bc6 Qe3+ 56. Kb5 Qb3+ 57. Kc5 Qa3+ 58.
Kb6 Qb4+ 59. Rb5 Qxc4 60. Rb1 Qd4+ 61. Kc7 Qg1 62. Rb7 h1=Q 63. Kd8+ Kf6 64.
Rd7 Qb6+ 65. Ke8 0-1

[Event "Team junior-boys chess final"]
[Site "?"]
[Date "2015.05.04"]
[Round "4.3"]
[White "Ivanov, Ilya"]
[Black "Sokolov, Nikita Dm"]
[Result "0-1"]
[WhiteElo "1537"]
[BlackElo "1983"]
[PlyCount "102"]
[EventDate "2015.05.01"]

1. d4 Nf6 2. c4 g6 3. Nc3 d5 4. Bf4 Bg7 5. e3 c6 6. h3 O-O 7. c5 Nbd7 8. Nf3
Re8 9. Ne5 Nxe5 10. Bxe5 Nd7 11. Bxg7 Kxg7 12. f4 e6 13. h4 Qf6 14. Bd3 b6 15.
b4 bxc5 16. bxc5 Nxc5 17. Bb1 Nd7 18. Qc2 c5 19. h5 cxd4 20. exd4 Qxd4 21. hxg6
hxg6 22. g3 Ba6 23. a4 Qe3+ 24. Ne2 Bxe2 25. Qd2 d4 26. Qxe2 Qc3+ 27. Kf2 Qxa1
28. Qb5 Nf6 29. Qc6 Qb2+ 30. Kf3 Qc3+ 31. Qxc3 dxc3 32. Bc2 Rab8 33. Ke3 Red8
34. Rd1 Rxd1 35. Bxd1 Rb2 36. Kd3 Rd2+ 37. Kxc3 Rxd1 38. Kb4 Nd5+ 39. Ka5 g5
40. Ka6 gxf4 41. gxf4 Ra1 42. a5 Nxf4 43. Kb5 e5 44. a6 e4 45. Kc4 e3 46. Kc3
e2 47. Kc2 e1=Q 48. Kb3 Qe3+ 49. Kc2 Qd3+ 50. Kb2 Rb1+ 51. Ka2 Qb3# 0-1

[Event "Team junior-boys chess final"]
[Site "?"]
[Date "2015.05.04"]
[Round "4.3"]
[White "Zhuravlev, Stepan"]
[Black "Tishkin, Boris"]
[Result "1-0"]
[WhiteElo "1879"]
[BlackElo "1529"]
[PlyCount "101"]
[EventDate "2015.05.01"]

1. d4 d5 2. c4 e6 3. Nc3 Nf6 4. cxd5 exd5 5. Bg5 Be7 6. e3 O-O 7. Bd3 h6 8. Bf4
c6 9. Qc2 Bd7 10. Nf3 a5 11. O-O Na6 12. a3 Nh5 13. Be5 Be6 14. h3 Bd6 15. Ne2
Re8 16. Rac1 Nf6 17. Bxd6 Qxd6 18. Ne5 Nd7 19. f4 f6 20. Nf3 Bf7 21. Kf2 Qe7
22. Qd2 Nb6 23. Ng3 Nc7 24. Nf5 Qe6 25. g4 Nc8 26. N3h4 Nd6 27. Nxd6 Qxd6 28.
Nf5 Qd7 29. Rg1 Be6 30. h4 Bxf5 31. Bxf5 Qf7 32. Qd3 Re7 33. Rg3 Ne6 34. Bg6
Qf8 35. f5 Nd8 36. g5 fxg5 37. hxg5 hxg5 38. Rh1 Qf6 39. Rh5 Nf7 40. Qe2 Re4
41. Bxf7+ Kxf7 42. Rhxg5 Rg8 43. Qh5+ Kf8 44. Rg6 Qf7 45. Qf3 Rh4 46. f6 Rh7
47. Qf5 Rgh8 48. Qc8+ Qe8 49. fxg7+ Kf7 50. Qxe8+ Rxe8 51. g8=Q+ 1-0

[Event "Team junior-boys chess final"]
[Site "?"]
[Date "2015.05.04"]
[Round "4.4"]
[White "Burhanov, Vassily"]
[Black "Ivanov, Egor"]
[Result "1-0"]
[WhiteElo "1773"]
[BlackElo "1459"]
[PlyCount "99"]
[EventDate "2015.05.01"]

1. e4 c5 2. Nc3 Nc6 3. g3 d6 4. Bg2 Nf6 5. d3 Bg4 6. f3 Bd7 7. Be3 a6 8. f4 e6
9. h3 Qc7 10. Nf3 h6 11. Qd2 O-O-O 12. O-O-O Be7 13. Qf2 b6 14. d4 Na5 15. dxc5
dxc5 16. Qe2 b5 17. Ne5 Rhf8 18. a4 Qb6 19. Nxd7 Nxd7 20. axb5 axb5 21. Qxb5
Qxb5 22. Nxb5 Nc4 23. Bf2 Ncb6 24. e5 Nb8 25. Na7+ Kc7 26. Nb5+ Kc8 27. b4 N6d7
28. bxc5 Nxc5 29. Rxd8+ Rxd8 30. Rd1 Rxd1+ 31. Kxd1 Nba6 32. Kd2 Kd7 33. Nd4
Nb4 34. Nb3 Nxb3+ 35. cxb3 Nd5 36. Kd3 f6 37. Bxd5 exd5 38. exf6 Bxf6 39. Bd4
Kd6 40. Bxf6 gxf6 41. Kd4 Kc6 42. g4 Kd6 43. b4 Kc6 44. f5 Kd6 45. b5 Ke7 46.
Kxd5 Kd7 47. b6 Kc8 48. Ke6 Kb7 49. Kxf6 Kxb6 50. Kg6 1-0

[Event "Team junior-boys chess final"]
[Site "?"]
[Date "2015.05.04"]
[Round "4.4"]
[White "Smelykh, Edvin"]
[Black "Ivanov, Pavel P"]
[Result "0-1"]
[WhiteElo "1238"]
[BlackElo "1723"]
[PlyCount "70"]
[EventDate "2015.05.01"]

1. Nf3 d5 2. e3 Nf6 3. Nc3 c5 4. b3 Nc6 5. Bb5 Qc7 6. Bxc6+ Qxc6 7. Ne5 Qc7 8.
f4 a6 9. Bb2 e6 10. O-O Bd6 11. Ne2 O-O 12. c4 b5 13. Qc2 Bb7 14. cxd5 exd5 15.
Rac1 Rac8 16. Ng3 Nd7 17. Nxd7 Qxd7 18. Nf5 f6 19. Nxd6 Qxd6 20. Rf3 d4 21. Rh3
d3 22. Qd1 Be4 23. Rg3 Bf5 24. h4 Kh8 25. Qf3 Qc6 26. Qxc6 Rxc6 27. Re1 Re8 28.
h5 h6 29. Rc1 Rec8 30. Re1 Be4 31. Rh3 c4 32. Rh4 cxb3 33. axb3 Rc2 34. Bc3
R8xc3 35. dxc3 d2 0-1

[Event "Team junior-boys chess final"]
[Site "?"]
[Date "2015.05.05"]
[Round "5.1"]
[White "Shemyakin, Valeriy"]
[Black "Privorotsky, Oleg"]
[Result "1-0"]
[WhiteElo "2080"]
[BlackElo "1924"]
[PlyCount "107"]
[EventDate "2015.05.01"]

1. Nf3 d5 2. g3 Nf6 3. Bg2 c6 4. O-O Bg4 5. Ne5 Bf5 6. d4 e6 7. c4 Be7 8. Nc3
O-O 9. b3 Nbd7 10. Bb2 h6 11. Re1 Nxe5 12. dxe5 Nd7 13. e4 dxe4 14. Bxe4 Nxe5
15. Bxf5 Qxd1 16. Raxd1 Nf3+ 17. Kg2 Nxe1+ 18. Rxe1 Bf6 19. Bg4 Rfd8 20. Na4
Bxb2 21. Nxb2 Rd2 22. Re2 Rad8 23. Kf1 Kf8 24. Ke1 Rxe2+ 25. Kxe2 Ke7 26. Nd3
Kd6 27. f4 f6 28. Ke3 g5 29. c5+ Ke7 30. Bf3 gxf4+ 31. gxf4 Rg8 32. b4 Rb8 33.
a4 a6 34. Kd4 Kd7 35. Nf2 e5+ 36. fxe5 fxe5+ 37. Kxe5 a5 38. b5 cxb5 39. axb5
a4 40. Nd3 a3 41. Nb4 Re8+ 42. Kd4 Kc7 43. b6+ Kb8 44. c6 bxc6 45. Bxc6 Re7 46.
Kc5 Rg7 47. Kb5 Rg5+ 48. Ka4 Rg7 49. Kxa3 Rf7 50. Ka4 Rg7 51. Na6+ Kc8 52. b7+
Rxb7 53. Bxb7+ Kxb7 54. Kb5 1-0

[Event "Team junior-boys chess final"]
[Site "?"]
[Date "2015.05.05"]
[Round "5.1"]
[White "Bogolepov, Grigory"]
[Black "Neznanov, Aleksandr"]
[Result "1-0"]
[WhiteElo "1944"]
[BlackElo "1958"]
[PlyCount "75"]
[EventDate "2015.05.01"]

1. d4 d5 2. c4 e6 3. Nc3 Nf6 4. cxd5 exd5 5. Bg5 Be7 6. e3 O-O 7. Bd3 c6 8. Qc2
Nbd7 9. Nge2 Re8 10. O-O Nf8 11. f3 Nh5 12. Bxe7 Qxe7 13. e4 dxe4 14. fxe4 Nf6
15. h3 Be6 16. e5 Nd5 17. Nxd5 Bxd5 18. Ng3 c5 19. Nf5 Qg5 20. Bc4 Bxc4 21.
Qxc4 Ne6 22. dxc5 Rad8 23. Nd6 Qe3+ 24. Kh1 Re7 25. Rxf7 Rdd7 26. Raf1 h6 27.
Rxe7 Rxe7 28. Nf5 Qg5 29. h4 Qh5 30. Nxe7+ Kh8 31. Qxe6 Qxh4+ 32. Qh3 Qxe7 33.
e6 Qxc5 34. Qh4 Kh7 35. e7 Qc6 36. Re1 Qe8 37. Qe4+ Kh8 38. Qf5 1-0

[Event "Team junior-boys chess final"]
[Site "?"]
[Date "2015.05.05"]
[Round "5.1"]
[White "Poznyak, Nazar"]
[Black "Skatchkov, Valery"]
[Result "0-1"]
[WhiteElo "1932"]
[BlackElo "1846"]
[PlyCount "62"]
[EventDate "2015.05.01"]

1. e4 e5 2. Nf3 Nf6 3. Nxe5 d6 4. Nf3 Nxe4 5. Nc3 Nxc3 6. dxc3 Be7 7. Bf4 O-O
8. Bd3 Nd7 9. O-O Nc5 10. Be2 Bf5 11. Re1 c6 12. Nd4 Bg6 13. c4 Bg5 14. Qc1 Bf6
15. Nb3 Ne6 16. Bg3 Bg5 17. Qd1 Nf4 18. Bf3 Qf6 19. Qd4 Bxc2 20. Qxf6 gxf6 21.
Na5 d5 22. cxd5 Nxd5 23. Nxb7 f5 24. Be5 Rfe8 25. Nd6 Re6 26. Bh5 Rf8 27. h3 f4
28. Bg4 f5 29. Bd1 Be4 30. Nc4 Bh4 31. Bd6 Rff6 0-1

[Event "Team junior-boys chess final"]
[Site "?"]
[Date "2015.05.05"]
[Round "5.1"]
[White "Suvorov, Aleksandr"]
[Black "Koren, Vladimir"]
[Result "0-1"]
[WhiteElo "1809"]
[BlackElo "1872"]
[PlyCount "94"]
[EventDate "2015.05.01"]

1. e4 e5 2. Nf3 Nc6 3. Bb5 Nf6 4. d3 d6 5. c3 Bg4 6. Nbd2 a6 7. Ba4 Be7 8. h3
Bh5 9. O-O O-O 10. Re1 b5 11. Bc2 Qd7 12. Nf1 Rad8 13. Ng3 Bg6 14. Be3 d5 15.
Qe2 d4 16. Bd2 Bc5 17. a4 h6 18. Nh4 Ne7 19. Qf3 Rb8 20. Bxh6 Qd6 21. Bc1 dxc3
22. bxc3 b4 23. d4 exd4 24. e5 Qe6 25. cxb4 Bxb4 26. Re2 Nfd5 27. Nhf5 c5 28.
Bb3 Bxf5 29. Bxd5 Nxd5 30. Nxf5 Bc3 31. Raa2 Rb1 32. Rac2 Nb4 33. Qg4 g6 34.
Nh6+ Kg7 35. Qf4 Nxc2 36. Ng4 Rh8 37. Rxc2 Qf5 38. Kh2 Qxf4+ 39. Bxf4 Rb2 40.
Rc1 Bd2 41. Bxd2 Rxd2 42. Rxc5 Rd8 43. Rc7 Re2 44. Rc1 d3 45. Rd1 d2 46. Kg3
Re1 47. Ne3 Rd3 0-1

[Event "Team junior-boys chess final"]
[Site "?"]
[Date "2015.05.05"]
[Round "5.2"]
[White "Bykov, Oleg"]
[Black "Levenshtein, Mark"]
[Result "0-1"]
[WhiteElo "2225"]
[BlackElo "2111"]
[PlyCount "64"]
[EventDate "2015.05.01"]

1. d4 Nf6 2. c4 g6 3. Nc3 Bg7 4. e4 d6 5. Nf3 O-O 6. Be2 e5 7. O-O Nc6 8. d5
Ne7 9. Ne1 Ne8 10. Be3 f5 11. f3 f4 12. Bf2 g5 13. c5 Ng6 14. Rc1 h5 15. a4 Bh6
16. cxd6 cxd6 17. Nb5 g4 18. Kh1 g3 19. Bg1 gxh2 20. Bxa7 Bg5 21. Nc2 Bh4 22.
Nca3 Bd7 23. Bf2 Bg3 24. Bxg3 fxg3 25. f4 Nxf4 26. Bxh5 Qh4 27. Bf3 Rf6 28. Nc7
Nxc7 29. Rxc7 Bxa4 30. Qd2 Raf8 31. Qe3 Nxg2 32. Kxg2 Rxf3 0-1

[Event "Team junior-boys chess final"]
[Site "?"]
[Date "2015.05.05"]
[Round "5.2"]
[White "German, Nikita"]
[Black "Yarygin, Maksim"]
[Result "1-0"]
[WhiteElo "2013"]
[BlackElo "1860"]
[PlyCount "57"]
[EventDate "2015.05.01"]

1. e4 c5 2. Nf3 d6 3. d4 cxd4 4. Nxd4 Nf6 5. Nc3 g6 6. Be2 Bg7 7. Be3 Nc6 8.
Nb3 O-O 9. O-O Be6 10. f4 Qc8 11. h3 Nd7 12. Rc1 Rd8 13. f5 Bxb3 14. cxb3 Nc5
15. Nd5 e6 16. f6 exd5 17. fxg7 Nxe4 18. Qxd5 Qe6 19. Bc4 Ne5 20. Qxe6 fxe6 21.
Bxe6+ Kxg7 22. Rc7+ Kh8 23. Bh6 Rg8 24. Bxg8 Kxg8 25. Rxb7 Nc5 26. Re7 a5 27.
Be3 Ncd7 28. Re6 Ra6 29. Bh6 1-0

[Event "Team junior-boys chess final"]
[Site "?"]
[Date "2015.05.05"]
[Round "5.2"]
[White "Sokolov, Nikita Dm"]
[Black "Tsoi, Dmitry"]
[Result "1/2-1/2"]
[WhiteElo "1983"]
[BlackElo "2018"]
[PlyCount "81"]
[EventDate "2015.05.01"]

1. d4 d5 2. c4 e6 3. Nc3 Be7 4. Nf3 Nf6 5. Bf4 O-O 6. e3 c5 7. dxc5 Bxc5 8.
cxd5 Nxd5 9. Nxd5 exd5 10. a3 Nc6 11. Bd3 Bb6 12. O-O Qf6 13. b4 h6 14. b5 Nd4
15. Nxd4 Bxd4 16. Bh7+ Kxh7 17. Qxd4 Qxd4 18. exd4 Bd7 19. a4 Rac8 20. Rac1 a6
21. bxa6 bxa6 22. a5 Kg6 23. f3 Kf5 24. Bd6 Rxc1 25. Rxc1 Rc8 26. Rxc8 Bxc8 27.
Bf8 Kg6 28. Kf2 f6 29. Ke3 Kf7 30. Bc5 g5 31. Ba7 Kg6 32. Bb8 f5 33. g3 Bd7 34.
Be5 Bb5 35. Bd6 Bc4 36. Bf8 Bb3 37. Bc5 Bd1 38. Bb4 Bb3 39. Ba3 Ba4 40. Bb2 Bb5
41. Bc3 1/2-1/2

[Event "Team junior-boys chess final"]
[Site "?"]
[Date "2015.05.05"]
[Round "5.2"]
[White "Yeritsyan, Aram"]
[Black "Zhuravlev, Stepan"]
[Result "1/2-1/2"]
[WhiteElo "1829"]
[BlackElo "1879"]
[PlyCount "116"]
[EventDate "2015.05.01"]

1. e4 c6 2. d4 d5 3. Nd2 dxe4 4. Nxe4 Nd7 5. Nf3 Ngf6 6. Bd3 e6 7. Nxf6+ Nxf6
8. Bg5 Be7 9. Qe2 O-O 10. O-O-O Nd5 11. h4 a5 12. c4 f6 13. cxd5 fxg5 14. Bxh7+
Kxh7 15. Nxg5+ Kg6 16. Qe4+ Rf5 17. g4 Bxg5+ 18. hxg5 Qxg5+ 19. Rd2 exd5 20.
gxf5+ Bxf5 21. Qe5 Rf8 22. Qh2 Bg4 23. Re1 Rf4 24. Re5 Bf5 25. Re3 Rh4 26. Qg3
Rg4 27. Qd6+ Kh5 28. Rh3+ Rh4 29. Rxh4+ Qxh4 30. Qe5 Kg6 31. Qe8+ Kh7 32. Qe3
Qh6 33. Qxh6+ gxh6 34. Re2 Be4 35. f3 Bxf3 36. Re7+ Kg6 37. Rxb7 Be2 38. Ra7 h5
39. Kd2 Bg4 40. Rxa5 h4 41. Ke3 h3 42. Kf2 Kf5 43. Rc5 Ke4 44. Rxc6 Kxd4 45.
Rc7 Ke5 46. a4 Kd6 47. Rc2 Bf5 48. Rd2 Kc5 49. Ke3 Be4 50. a5 Kb5 51. b4 Bg2
52. Rxg2 hxg2 53. Kf2 d4 54. Kxg2 Kxb4 55. a6 d3 56. Kf2 Kc3 57. a7 d2 58. a8=Q
d1=Q 1/2-1/2

[Event "Team junior-boys chess final"]
[Site "?"]
[Date "2015.05.05"]
[Round "5.3"]
[White "Burhanov, Vassily"]
[Black "Plaksin, Igor"]
[Result "0-1"]
[WhiteElo "1773"]
[BlackElo "1467"]
[PlyCount "106"]
[EventDate "2015.05.01"]

1. e4 e5 2. Nf3 Nc6 3. Bc4 Nf6 4. Ng5 d5 5. exd5 Na5 6. Bb5+ c6 7. dxc6 bxc6 8.
Be2 h6 9. Nf3 e4 10. Ne5 Bc5 11. c3 Qc7 12. d4 exd3 13. Nxd3 Bd6 14. h3 O-O 15.
O-O Re8 16. Nd2 Bf5 17. Nb3 Nxb3 18. axb3 Rad8 19. Be3 Nd5 20. Qd2 Nxe3 21.
fxe3 Bc5 22. Kh1 Bxd3 23. Bxd3 Rxe3 24. Rad1 Rexd3 25. Qxd3 Rxd3 26. Rxd3 Qb6
27. b4 Qa6 28. Rdf3 Be7 29. Re1 Bf6 30. g3 Qa2 31. Re2 Kf8 32. Rfe3 Kg8 33. Kh2
Qd5 34. Rg2 Bg5 35. Re8+ Kh7 36. Ree2 h5 37. h4 Bf6 38. Rgf2 Qd6 39. Rd2 Qc7
40. Kg2 c5 41. bxc5 Qxc5 42. Rd3 Qc4 43. Rdf3 Qe4 44. Kh2 Be5 45. Kh3 Qg4+ 46.
Kg2 f5 47. Rd2 f4 48. Re2 Bd6 49. Rd2 Bc7 50. Rd4 Qg6 51. Rd7 Qc2+ 52. Kf1 fxg3
53. Rff7 g2+ 0-1

[Event "Team junior-boys chess final"]
[Site "?"]
[Date "2015.05.05"]
[Round "5.3"]
[White "Sinyaev, Nil"]
[Black "Ivanov, Pavel P"]
[Result "0-1"]
[WhiteElo "1653"]
[BlackElo "1723"]
[PlyCount "84"]
[EventDate "2015.05.01"]

1. e4 c5 2. Nf3 d6 3. d4 cxd4 4. Nxd4 Nf6 5. Nc3 g6 6. Be3 Bg7 7. f3 O-O 8. Qd2
Nc6 9. Bc4 Bd7 10. O-O-O a6 11. Bh6 Nxd4 12. Bxg7 Nxf3 13. gxf3 Kxg7 14. h4 b5
15. Be2 h5 16. f4 Bc6 17. Rhg1 b4 18. Nd5 Bxd5 19. exd5 Qa5 20. Kb1 Kh7 21. f5
Rg8 22. fxg6+ fxg6 23. Bd3 Qxd5 24. Bxg6+ Rxg6 25. Qxd5 Nxd5 26. Rxg6 Kxg6 27.
Rxd5 Rf8 28. a3 bxa3 29. bxa3 Rf4 30. Rg5+ Kh6 31. Ra5 Rxh4 32. Rxa6 Rg4 33.
Ra8 Rg7 34. a4 h4 35. Rb8 Rh7 36. a5 h3 37. a6 e6 38. Rb3 h2 39. Rh3+ Kg6 40.
a7 Rxh3 41. a8=Q h1=Q+ 42. Kb2 Qxa8 0-1

[Event "Team junior-boys chess final"]
[Site "?"]
[Date "2015.05.05"]
[Round "5.3"]
[White "Kozhukhov, Aleksandr"]
[Black "Ivanov, Ilya"]
[Result "0-1"]
[WhiteElo "1616"]
[BlackElo "1537"]
[PlyCount "80"]
[EventDate "2015.05.01"]

1. d4 e6 2. c4 d5 3. Nf3 Nf6 4. Nc3 c6 5. Bg5 Be7 6. e3 O-O 7. Bd3 Nbd7 8. O-O
b6 9. Rc1 dxc4 10. Bxc4 Bb7 11. Be2 c5 12. dxc5 Nxc5 13. b4 Nce4 14. Nxe4 Bxe4
15. Qb3 Bd5 16. Bc4 Rc8 17. Rfd1 Rxc4 18. Rxc4 Bxc4 19. Rxd8 Bxb3 20. Rxf8+
Kxf8 21. axb3 Bxb4 22. Nd4 a6 23. Bf4 Nd7 24. Nc6 Ba3 25. Kf1 f6 26. e4 e5 27.
Be3 a5 28. Ke2 Nc5 29. f3 Ke8 30. Kd1 Kd7 31. Na7 Bb4 32. Kc2 Kc7 33. Nb5+ Kc6
34. Na7+ Kb7 35. Nb5 Ka6 36. Nc7+ Kb7 37. Ne8 Ne6 38. Kd3 Kc6 39. Kc4 b5+ 40.
Kd3 Kd7 0-1

[Event "Team junior-boys chess final"]
[Site "?"]
[Date "2015.05.05"]
[Round "5.3"]
[White "Tishkin, Boris"]
[Black "Dudin, Gleb"]
[Result "1/2-1/2"]
[WhiteElo "1529"]
[BlackElo "1711"]
[PlyCount "92"]
[EventDate "2015.05.01"]

1. d4 Nf6 2. c4 e6 3. Nc3 d5 4. Bg5 c6 5. e3 Be7 6. Nf3 Nbd7 7. Bd3 O-O 8. O-O
a6 9. c5 h6 10. Bh4 b6 11. b4 a5 12. a3 Ba6 13. h3 Ne4 14. Bxe7 Qxe7 15. Nxe4
dxe4 16. Bxa6 Rxa6 17. Nd2 Rfa8 18. b5 cxb5 19. c6 Nf6 20. Qc2 e5 21. Rfe1 R6a7
22. Nxe4 Rc7 23. Nxf6+ Qxf6 24. d5 Qd6 25. e4 a4 26. Reb1 Ra5 27. Qd3 Rxc6 28.
Rxb5 Rc5 29. Rxc5 Rxc5 30. Qa6 f5 31. Qxa4 fxe4 32. Qxe4 Qxd5 33. Qxd5+ Rxd5
34. Kf1 Rd2 35. Re1 Ra2 36. Rxe5 Rxa3 37. Rb5 Ra6 38. f4 Kf7 39. g4 Ke7 40. g5
hxg5 41. fxg5 Ra5 42. Rxb6 Rf5+ 43. Kg2 Rxg5+ 44. Kh2 Kf7 45. h4 Rh5 46. Kg3
Ra5 1/2-1/2

[Event "Team junior-boys chess final"]
[Site "?"]
[Date "2015.05.05"]
[Round "5.4"]
[White "Ivanov, Egor"]
[Black "Poliakov, Artem"]
[Result "0-1"]
[WhiteElo "1459"]
[BlackElo "1883"]
[PlyCount "96"]
[EventDate "2015.05.01"]

1. d4 d6 2. Nf3 f5 3. Bf4 Nf6 4. e3 g6 5. Nbd2 Bg7 6. c3 O-O 7. Be2 c6 8. O-O
h6 9. h3 Kh7 10. Kh1 Qc7 11. Rg1 a5 12. Ne1 e5 13. Bh2 exd4 14. cxd4 Be6 15.
Nd3 Na6 16. a3 Rae8 17. Nc5 Bc8 18. Nxa6 bxa6 19. Nc4 Re6 20. Qa4 Ne4 21. Rgf1
Qb7 22. Qxa5 d5 23. Nb6 Nd2 24. Qxd2 Qxb6 25. Qb4 Qxb4 26. axb4 Bxd4 27. Bxa6
Bxb2 28. Bxc8 Rxc8 29. Rab1 Be5 30. Bxe5 Rxe5 31. Rfc1 Re6 32. Kg1 Kg7 33. Kf1
Kf6 34. Ke2 Rb8 35. Rc5 Rb5 36. f3 d4 37. Rxb5 Rxe3+ 38. Kf2 cxb5 39. Rd1 Ke5
40. Rb1 Kd5 41. Rb2 Rc3 42. Ke2 Kc4 43. Rd2 Re3+ 44. Kf2 Re6 45. Rb2 Kc3 46.
Rb1 d3 47. Rd1 Kc2 48. Rxd3 Kxd3 0-1

[Event "Team junior-boys chess final"]
[Site "?"]
[Date "2015.05.05"]
[Round "5.4"]
[White "Shastitko, Danil"]
[Black "Smelykh, Edvin"]
[Result "1-0"]
[WhiteElo "1974"]
[BlackElo "1238"]
[PlyCount "125"]
[EventDate "2015.05.01"]

1. e4 c5 2. Nf3 Nc6 3. d4 cxd4 4. Nxd4 g6 5. c4 Bg7 6. Be3 Nf6 7. Nc3 Ng4 8.
Qxg4 Bxd4 9. Bxd4 Nxd4 10. Qd1 e5 11. Be2 O-O 12. O-O d6 13. Qd2 f5 14. exf5
Bxf5 15. Bd3 Be6 16. b3 Qa5 17. Be4 Rab8 18. Rad1 a6 19. Ne2 Qxd2 20. Rxd2
Nxe2+ 21. Rxe2 Kf7 22. Rd2 Ke7 23. Rfd1 Rfd8 24. Bd5 Bxd5 25. Rxd5 b5 26. Rc1
Rbc8 27. Kf1 Rd7 28. Ke2 Rdc7 29. Rcd1 bxc4 30. Rxd6 cxb3 31. axb3 Ra8 32. R6d5
Kf6 33. Ra5 Rc6 34. Rd3 Re8 35. Kd2 Ree6 36. Ra4 Ke7 37. Rb4 Rc7 38. Ke3 Rd6
39. Rxd6 Kxd6 40. Ke4 Rc6 41. Rb7 Rc2 42. Rxh7 Rxf2 43. g3 Ke6 44. Ra7 Ra2 45.
h4 Ra3 46. Rb7 Ra5 47. g4 Kf6 48. b4 Ra1 49. Rb6+ Kg7 50. Kxe5 Re1+ 51. Kf4
Rf1+ 52. Kg5 Rd1 53. Rxg6+ Kf7 54. Rxa6 Rd5+ 55. Kh6 Rd4 56. Rg6 Rxb4 57. h5
Rb5 58. g5 Kf8 59. Rg7 Rb3 60. Kh7 Rh3 61. h6 Rh5 62. g6 Rf5 63. Ra7 1-0

[Event "Team junior-boys chess final"]
[Site "?"]
[Date "2015.05.06"]
[Round "6.1"]
[White "Privorotsky, Oleg"]
[Black "Poliakov, Artem"]
[Result "1-0"]
[WhiteElo "1924"]
[BlackElo "1883"]
[PlyCount "85"]
[EventDate "2015.05.01"]

1. d4 d6 2. Nf3 f5 3. g3 Nf6 4. Bg2 g6 5. O-O Bg7 6. c4 O-O 7. Nbd2 c6 8. b3
Qc7 9. Bb2 a5 10. Rc1 Nbd7 11. Re1 Re8 12. e4 fxe4 13. Nxe4 Nxe4 14. Rxe4 Nf6
15. Re1 Bg4 16. h3 Bd7 17. Rc2 e6 18. Rce2 d5 19. Ng5 Qc8 20. h4 h6 21. Nf3 Ne4
22. Ne5 Bxe5 23. Bxe4 dxe4 24. dxe5 c5 25. Rxe4 Rf8 26. Qd2 Kg7 27. Bc1 Rh8 28.
Rf4 Qc6 29. Rf6 Be8 30. Rd1 a4 31. Qc2 axb3 32. axb3 Rg8 33. Rd6 Qc7 34. Rdxe6
Ra6 35. Rxa6 bxa6 36. Rxa6 Bc6 37. Qd2 Rd8 38. Qxh6+ Kf7 39. Qh7+ Ke8 40. Qxg6+
Kd7 41. Qf5+ Ke8 42. Qe6+ Kf8 43. Bh6+ 1-0

[Event "Team junior-boys chess final"]
[Site "?"]
[Date "2015.05.06"]
[Round "6.1"]
[White "Shastitko, Danil"]
[Black "Bogolepov, Grigory"]
[Result "1-0"]
[WhiteElo "1974"]
[BlackElo "1944"]
[PlyCount "101"]
[EventDate "2015.05.01"]

1. e4 c5 2. Nf3 Nc6 3. c4 e5 4. Nc3 d6 5. Be2 Nge7 6. O-O Ng6 7. d3 Be7 8. Ne1
Bg5 9. Bxg5 Qxg5 10. Nb5 Qe7 11. Nc2 a6 12. Nc3 Qg5 13. Nd5 Bh3 14. Nce3 Nf4
15. Bg4 Bxg4 16. Qxg4 Qxg4 17. Nxg4 O-O 18. Rad1 Nxd5 19. exd5 Nd4 20. Rd2 b5
21. Ne3 b4 22. f4 exf4 23. Rxf4 Rae8 24. Kf2 f5 25. Rxd4 cxd4 26. Nc2 b3 27.
axb3 Rb8 28. Nxd4 g6 29. Ne6 Rfc8 30. Nd4 Kf7 31. Re2 Rb6 32. Re6 h6 33. Ke3
Rcb8 34. b4 Re8 35. Rxe8 Kxe8 36. Nc6 g5 37. d4 h5 38. c5 Rb7 39. g3 Kd7 40. h4
g4 41. Kf4 Rb5 42. Kxf5 dxc5 43. bxc5 Rxb2 44. Ne5+ Ke8 45. Ke6 a5 46. d6 Re2
47. d7+ Kd8 48. Kd6 Rxe5 49. dxe5 a4 50. c6 a3 51. c7# 1-0